Making of economic society (Record no. 230421)
[ view plain ]
| 000 -LEADER | |
|---|---|
| fixed length control field | 01281nam a22002297a 4500 |
| 005 - DATE AND TIME OF LATEST TRANSACTION | |
| control field | 20250903182746.0 |
| 008 - FIXED-LENGTH DATA ELEMENTS--GENERAL INFORMATION | |
| fixed length control field | 240315b ||||| |||| 00| 0 eng d |
| 020 ## - INTERNATIONAL STANDARD BOOK NUMBER | |
| International Standard Book Number | 9780136080695 |
| 040 ## - CATALOGING SOURCE | |
| Transcribing agency | AL |
| 041 ## - LANGUAGE CODE | |
| Language code of text/sound track or separate title | English |
| 082 ## - DEWEY DECIMAL CLASSIFICATION NUMBER | |
| Classification number | 330.9 |
| Item number | HEIM |
| 100 ## - MAIN ENTRY--PERSONAL NAME | |
| Personal name | Robert L Heilbroner |
| 9 (RLIN) | 154810 |
| 245 ## - TITLE STATEMENT | |
| Title | Making of economic society |
| 250 ## - EDITION STATEMENT | |
| Edition statement | 13th ed. |
| 260 ## - PUBLICATION, DISTRIBUTION, ETC. | |
| Place of publication, distribution, etc. | New York |
| Name of publisher, distributor, etc. | Pearson |
| Date of publication, distribution, etc. | 2012 |
| 300 ## - PHYSICAL DESCRIPTION | |
| Extent | xxiii,194p. |
| Other physical details | PB |
| Dimensions | 23x18.5cm. |
| 365 ## - TRADE PRICE | |
| Source of price type code | General |
| Price type code | VBI-2056 |
| Price amount | ₹9946.64 |
| Currency code | ₹ |
| Unit of pricing | ₹13262.00 |
| Price note | 25% |
| Price effective from | 26-02-2024 |
| 520 ## - SUMMARY, ETC. | |
| Summary, etc. | This is the eBook of the printed book and may not include any media, website access codes, or print supplements that may come packaged with the bound book. With its roots in history and eyes on the future, this book traces the development of our economic society from the Middle Ages to the present, offering a balanced perspective of why our economy is the way it is and where it may be headed. It explores the catalytic role past economic trends and dynamics–particularly capitalism–have played in creating the present challenges we face, and offers suggestions on how we may deal with them most effectively in the future.<br/> |
| 650 ## - SUBJECT ADDED ENTRY--TOPICAL TERM | |
| Source of heading or term | Economics |
| Topical term or geographic name entry element | Economic History |
| 9 (RLIN) | 154811 |
| 700 ## - ADDED ENTRY--PERSONAL NAME | |
| Personal name | Milberg, William |
| 9 (RLIN) | 154812 |
| 942 ## - ADDED ENTRY ELEMENTS (KOHA) | |
| Source of classification or shelving scheme | Dewey Decimal Classification |
| Koha item type | Book |
| Withdrawn status | Lost status | Source of classification or shelving scheme | Damaged status | Not for loan | Collection code | Home library | Current library | Date acquired | Source of acquisition | Cost, normal purchase price | Total Checkouts | Full call number | Barcode | Date last seen | Cost, replacement price | Price effective from | Koha item type |
|---|---|---|---|---|---|---|---|---|---|---|---|---|---|---|---|---|---|
| Dewey Decimal Classification | Economics | St Aloysius PG Library | St Aloysius PG Library | 03/13/2024 | Vidyarthi Books | 9946.64 | 330.9 HEIM | PG024708 | 03/15/2024 | 13262.00 | 03/15/2024 | Book |